[Event "Wch Juvenil 2013 sub-16"]
[Site "Al-Ain UAE"]
[Date "2013.12.18"]
[Round "1.30"]
[White "Nikolov, Rumen"]
[Black "Dale, Ari"]
[Result "1-0"]
[WhiteElo "1925"]
[BlackElo "2289"]
[PlyCount "141"]
[EventDate "2013.12.19"]
[EventType "swiss"]
[EventRounds "11"]
[EventCountry "UAE"]
[Source "lmi"]
[SourceDate "2013.12.19"]

1. e4 c5 2. Nf3 e6 3. d3 Nc6 4. g3 d6 5. Bg2 g6 6. Be3 Bg7 7. Nc3 Nge7 8. Qd2
Nd4 9. O-O-O h6 10. Ne2 Nec6 11. c3 Nxe2+ 12. Qxe2 Qa5 13. Kb1 b5 14. e5 b4 15.
Nd4 Nxd4 16. cxd4 Rb8 17. dxc5 dxe5 18. Bc6+ Kf8 19. Bg2 Kg8 20. f4 exf4 21.
Bxf4 e5 22. Bxe5 Be6 23. b3 Qxc5 24. d4 Qe7 25. Kb2 Bf5 26. Rhe1 Rc8 27. Rd2 f6
28. Bf4 Qd8 29. g4 Rc2+ 30. Rxc2 Qxd4+ 31. Kb1 Bd3 32. Qf3 Qc3 33. Ree2 f5 34.
Kc1 Qa1+ 35. Kd2 Bxc2 36. Re8+ Kh7 37. Rxh8+ Kxh8 38. Kxc2 fxg4 39. Qd5 Qxa2+
40. Kd1 Qa1+ 41. Ke2 Qa6+ 42. Kf2 Qf6 43. Ke3 Kh7 44. Be4 a5 45. Qc6 Qf7 46.
Bd5 Bd4+ 47. Kxd4 Qxf4+ 48. Kc5 h5 49. Be4 Qg5+ 50. Kb6 h4 51. Bd5 Qd8+ 52. Kb5
g3 53. hxg3 hxg3 54. Qe6 Qc7 55. Be4 Qg7 56. Qh3+ Qh6 57. Qxh6+ Kxh6 58. Kxa5
Kg5 59. Kxb4 Kf4 60. Bh1 Ke3 61. Kc4 g5 62. b4 g4 63. b5 Kf2 64. b6 g2 65. Bxg2
Kxg2 66. b7 g3 67. b8=Q Kh1 68. Qh8+ Kg1 69. Qd4+ Kh1 70. Qh4+ Kg2 71. Kd3 1-0

[Event "Wch Juvenil 2013 sub-16"]
[Site "Al-Ain UAE"]
[Date "2013.12.18"]
[Round "1.46"]
[White "Hua, David A"]
[Black "Abbas, Hussein Kzar"]
[Result "1-0"]
[WhiteElo "2229"]
[BlackElo "1754"]
[PlyCount "75"]
[EventDate "2013.12.19"]
[EventType "swiss"]
[EventRounds "11"]
[EventCountry "UAE"]
[Source "lmi"]
[SourceDate "2013.12.19"]

1. e4 d6 2. d4 Nf6 3. Nc3 g6 4. h3 Bg7 5. g4 c6 6. a4 Na6 7. Bg2 Qa5 8. Nge2 e5
9. f4 h6 10. O-O Nd7 11. Be3 f6 12. Qd2 Qd8 13. Ng3 Nb6 14. b3 Qe7 15. dxe5
dxe5 16. f5 g5 17. a5 Nd7 18. Rfd1 Nc7 19. Na4 O-O 20. Qf2 a6 21. Nb6 Nxb6 22.
axb6 Nb5 23. Bc5 Qe8 24. Bxf8 Bxf8 25. Nh5 Be7 26. Bf1 Qf8 27. Bc4+ Kh8 28. Kg2
Nc3 29. Re1 Bc5 30. Qf3 Bd4 31. h4 gxh4 32. Rh1 Bd7 33. Rae1 c5 34. Rxh4 Rd8
35. Ng3 Kg7 36. Reh1 Qh8 37. g5 fxg5 38. Rxh6 1-0

[Event "Wch Juvenil 2013 sub-16"]
[Site "Al-Ain UAE"]
[Date "2013.12.18"]
[Round "1.56"]
[White "Chandran, Kapil"]
[Black "Choi, Ian"]
[Result "1-0"]
[WhiteElo "2171"]
[BlackElo "1655"]
[PlyCount "65"]
[EventDate "2013.12.19"]
[EventType "swiss"]
[EventRounds "11"]
[EventCountry "UAE"]
[Source "lmi"]
[SourceDate "2013.12.19"]

1. e4 e6 2. d4 d5 3. Nc3 Bb4 4. exd5 exd5 5. Bd3 Nc6 6. Nge2 Nge7 7. O-O O-O 8.
a3 Bxc3 9. bxc3 Bf5 10. Ng3 Bxd3 11. cxd3 Qd7 12. a4 b6 13. f4 f5 14. Ne2 Na5
15. Ba3 Rac8 16. Rb1 a6 17. Kh1 Rf6 18. Ng1 c5 19. dxc5 bxc5 20. Nf3 Ng6 21.
Ne5 Nxe5 22. fxe5 Rg6 23. Qf3 Rg4 24. Bxc5 Rxa4 25. d4 g6 26. e6 Qxe6 27. Rbe1
Qc6 28. Re7 Nb3 29. Qh3 h5 30. Qe3 Nxc5 31. Qe5 Ne6 32. Qf6 Qe8 33. Qxe6+ 1-0

[Event "Wch Juvenil 2013 sub-16"]
[Site "Al-Ain UAE"]
[Date "2013.12.18"]
[Round "1.73"]
[White "Tutisani, Noe"]
[Black "Taalaibekov, Tagir"]
[Result "0-1"]
[WhiteElo "2120"]
[BlackElo "1927"]
[PlyCount "88"]
[EventDate "2013.12.19"]
[EventType "swiss"]
[EventRounds "11"]
[EventCountry "UAE"]
[Source "lmi"]
[SourceDate "2013.12.19"]

1. e4 c5 2. Nf3 e6 3. d4 cxd4 4. Nxd4 a6 5. Bd3 Qc7 6. O-O Nf6 7. Nc3 d6 8. Be3
Be7 9. f4 Nbd7 10. Qf3 b5 11. a3 Bb7 12. Rae1 Nc5 13. Qg3 O-O 14. e5 Nfe4 15.
Nxe4 Nxe4 16. Bxe4 Bxe4 17. f5 exf5 18. Bh6 g6 19. Bxf8 Bxf8 20. Nxf5 Bxf5 21.
Rxf5 Qa7+ 22. Kf1 Bg7 23. Rf6 dxe5 24. Rd6 f5 25. Red1 Rf8 26. Qb3+ Kh8 27. Rd8
Qe7 28. Qd5 e4 29. Qd6 Qf7 30. Qxa6 Bxb2 31. Qxb5 Bxa3 32. c4 Be7 33. Rxf8+
Qxf8 34. Qd5 Kg7 35. Rb1 Qf6 36. Qd2 g5 37. Qb2 Bc5 38. Qxf6+ Kxf6 39. g3 f4
40. Kg2 f3+ 41. Kf1 Ke5 42. Rd1 Bd4 43. Rb1 e3 44. Rb3 Ke4 0-1

[Event "Wch Juvenil 2013 sub-16"]
[Site "Al-Ain UAE"]
[Date "2013.12.19"]
[Round "2.13"]
[White "Pomini, Aurelien"]
[Black "Harutyunian, Tigran K"]
[Result "0-1"]
[WhiteElo "2165"]
[BlackElo "2390"]
[PlyCount "42"]
[EventDate "2013.12.19"]
[EventType "swiss"]
[EventRounds "11"]
[EventCountry "UAE"]
[Source "lmi"]
[SourceDate "2013.12.19"]

1. e4 e5 2. Nf3 Nc6 3. d4 exd4 4. Bc4 Nf6 5. e5 d5 6. Bb5 Ne4 7. Nxd4 Bd7 8.
Bxc6 bxc6 9. O-O Be7 10. f3 Nc5 11. f4 Ne4 12. f5 O-O 13. Nd2 Bc5 14. N2b3 Bb6
15. Qh5 c5 16. Nf3 c4+ 17. Nbd4 g6 18. Qh6 Bxf5 19. Kh1 f6 20. Nxf5 gxf5 21. h3
Ng3+ 0-1

[Event "Wch Juvenil 2013 sub-16"]
[Site "Al-Ain UAE"]
[Date "2013.12.19"]
[Round "2.36"]
[White "Taalaibekov, Tagir"]
[Black "Toma, Radu-Cristian"]
[Result "1/2-1/2"]
[WhiteElo "1927"]
[BlackElo "2245"]
[PlyCount "86"]
[EventDate "2013.12.19"]
[EventType "swiss"]
[EventRounds "11"]
[EventCountry "UAE"]
[Source "lmi"]
[SourceDate "2013.12.19"]

1. d4 d5 2. c4 dxc4 3. Nf3 Nf6 4. e3 a6 5. Bxc4 e6 6. O-O Nbd7 7. a4 c5 8. Nc3
Qc7 9. Qe2 Bd6 10. b3 Nb6 11. dxc5 Bxc5 12. a5 Nxc4 13. Qxc4 Bd6 14. Qxc7 Bxc7
15. Bb2 e5 16. b4 Bd7 17. Na4 Bxa4 18. Rxa4 Nd7 19. Rd1 Ke7 20. Raa1 f6 21.
Rac1 Rac8 22. Nd2 Bb8 23. Kf1 Rxc1 24. Rxc1 Bd6 25. Ba3 f5 26. Ke2 Nb8 27. Nc4
Rd8 28. Rd1 Ke6 29. b5 Be7 30. Bxe7 Rxd1 31. Kxd1 Kxe7 32. bxa6 bxa6 33. Nxe5
Kd6 34. f4 Kc5 35. g4 fxg4 36. Nxg4 Nc6 37. Kd2 Nxa5 38. Kc3 Nc6 39. Nf2 a5 40.
e4 Nb4 41. Nd3+ Nxd3 42. Kxd3 h6 43. h4 g6 1/2-1/2

[Event "Wch Juvenil 2013 sub-16"]
[Site "Al-Ain UAE"]
[Date "2013.12.19"]
[Round "2.42"]
[White "Hamawi, Karim"]
[Black "Hu, Bryan"]
[Result "0-1"]
[WhiteElo "1640"]
[BlackElo "2176"]
[PlyCount "52"]
[EventDate "2013.12.19"]
[EventType "swiss"]
[EventRounds "11"]
[EventCountry "UAE"]
[Source "lmi"]
[SourceDate "2013.12.19"]

1. e4 e6 2. d4 d5 3. Nc3 Bb4 4. Nge2 Nc6 5. e5 f6 6. f4 Nh6 7. a3 Ba5 8. b4 Bb6
9. Na4 O-O 10. Nxb6 axb6 11. Bb2 Bd7 12. Qd2 Qe8 13. exf6 Rxf6 14. Nc1 Nf5 15.
Be2 Nce7 16. Nd3 Bb5 17. O-O Nd6 18. Rae1 Nef5 19. Ne5 Bxe2 20. Rxe2 Ne4 21.
Qd3 Nfd6 22. g3 b5 23. a4 bxa4 24. c4 c6 25. c5 Nb5 26. Qc2 a3 0-1

[Event "Wch Juvenil 2013 sub-16"]
[Site "Al-Ain UAE"]
[Date "2013.12.19"]
[Round "2.47"]
[White "Dale, Ari"]
[Black "Shumskis, Aleksandrs"]
[Result "1-0"]
[WhiteElo "2289"]
[BlackElo "1849"]
[PlyCount "71"]
[EventDate "2013.12.19"]
[EventType "swiss"]
[EventRounds "11"]
[EventCountry "UAE"]
[Source "lmi"]
[SourceDate "2013.12.19"]

1. d4 Nf6 2. c4 Nc6 3. Nc3 e5 4. d5 Ne7 5. e3 Ng6 6. Bd3 Bb4 7. Nge2 O-O 8. Bd2
d6 9. Ng3 Ne8 10. Qc2 Nh4 11. Bxh7+ Kh8 12. Bf5 Nxg2+ 13. Ke2 Nh4 14. Bxc8 Qxc8
15. f3 Qh3 16. Rag1 Bxc3 17. Bxc3 f5 18. Qd1 f4 19. Qf1 Qd7 20. Ne4 fxe3 21.
Rg3 Nf5 22. Rg5 Kg8 23. h4 Qa4 24. Kd3 b5 25. b3 Qxa2 26. Qh3 Nd4 27. Bxd4
Qxb3+ 28. Bc3 Qxc4+ 29. Kxe3 Nf6 30. Qe6+ Kh8 31. Rhg1 Nxd5+ 32. Kd2 Qa2+ 33.
Kc1 Qa3+ 34. Bb2 Qe3+ 35. Kb1 Nf6 36. Qe7 1-0

[Event "Wch Juvenil 2013 sub-16"]
[Site "Al-Ain UAE"]
[Date "2013.12.19"]
[Round "2.59"]
[White "Choi, Ian"]
[Black "Neagu, Mihai-Cosmin"]
[Result "1/2-1/2"]
[WhiteElo "1655"]
[BlackElo "2069"]
[PlyCount "87"]
[EventDate "2013.12.19"]
[EventType "swiss"]
[EventRounds "11"]
[EventCountry "UAE"]
[Source "lmi"]
[SourceDate "2013.12.19"]

1. d4 Nf6 2. c4 e6 3. Nc3 Bb4 4. e3 O-O 5. Nge2 c6 6. a3 Ba5 7. b4 Bc7 8. Ng3
d5 9. Bb2 Nbd7 10. cxd5 exd5 11. Bd3 Re8 12. Qc2 Nf8 13. Nce2 Ng6 14. O-O Ne4
15. Rac1 Qd6 16. Bxe4 dxe4 17. Nc3 h5 18. Nb5 cxb5 19. Qxc7 Qxc7 20. Rxc7 h4
21. Ne2 h3 22. g3 Bg4 23. Nc3 Rab8 24. Rc1 a6 25. a4 Nf8 26. axb5 Ne6 27. Rc4
axb5 28. Nxb5 Be2 29. Nd6 Red8 30. Rc8 Rbxc8 31. Rxc8 Rxc8 32. Nxc8 Ng5 33. f4
exf3 34. Nd6 f5 35. d5 Kf8 36. Be5 g6 37. Bf4 Nh7 38. Be5 b5 39. e4 fxe4 40.
Nxe4 Ke8 41. d6 Bc4 42. Kf2 Bd5 43. Nf6+ Nxf6 44. Bxf6 1/2-1/2

[Event "Wch Juvenil 2013 sub-16"]
[Site "Al-Ain UAE"]
[Date "2013.12.20"]
[Round "3.6"]
[White "Dastan, Muhammed Batuhan"]
[Black "Salomon, Johan"]
[Result "0-1"]
[WhiteElo "2409"]
[BlackElo "2269"]
[PlyCount "76"]
[EventDate "2013.12.19"]
[EventType "swiss"]
[EventRounds "11"]
[EventCountry "UAE"]
[Source "lmi"]
[SourceDate "2013.12.19"]

1. e4 e5 2. Bc4 Nf6 3. d3 Bc5 4. Nf3 Nc6 5. c3 d6 6. Bb3 Bb6 7. Nbd2 Ne7 8. Nc4
Ng6 9. h3 O-O 10. a4 c6 11. Nxb6 axb6 12. Be3 d5 13. O-O h6 14. exd5 Nxd5 15.
d4 e4 16. Nd2 f5 17. c4 Nb4 18. f4 Be6 19. Nb1 Nd3 20. Ra2 Qh4 21. c5 Bxb3 22.
Qxb3+ Kh7 23. Kh2 Ngxf4 24. Bxf4 Nxf4 25. cxb6 Nd3 26. Nd2 Qg5 27. Qc3 Rf6 28.
Nc4 Rg6 29. b4 Qg3+ 30. Kg1 Rxa4 31. Rc2 Qxh3 32. Ne5 Qe3+ 33. Rff2 Rg3 34.
Nxd3 exd3 35. Rcd2 f4 36. Kh2 Ra8 37. Rf1 Rd8 38. Rdf2 Rd5 0-1

[Event "Wch Juvenil 2013 sub-16"]
[Site "Al-Ain UAE"]
[Date "2013.12.20"]
[Round "3.17"]
[White "Ali Marandi, Cemil Can"]
[Black "Popov, Kirill"]
[Result "1-0"]
[WhiteElo "2391"]
[BlackElo "2158"]
[PlyCount "103"]
[EventDate "2013.12.19"]
[EventType "swiss"]
[EventRounds "11"]
[EventCountry "UAE"]
[Source "lmi"]
[SourceDate "2013.12.19"]

1. e4 c5 2. c3 e6 3. Nf3 d5 4. exd5 exd5 5. d4 Nc6 6. Bb5 Bd6 7. O-O Nge7 8.
dxc5 Bxc5 9. Nbd2 O-O 10. Nb3 Bd6 11. Bd3 Ng6 12. h3 Nce5 13. Nxe5 Nxe5 14. Bc2
Bc7 15. Bf4 Qf6 16. Bg3 Bd7 17. Re1 Rfe8 18. Nd4 Rac8 19. Ba4 Bxa4 20. Qxa4 Bb6
21. Rad1 Nc6 22. Nf3 Rxe1+ 23. Rxe1 h6 24. Qg4 Rf8 25. Qd7 d4 26. Bh4 g5 27.
Bg3 dxc3 28. bxc3 Qxc3 29. Qxb7 Nd4 30. Qe4 Nxf3+ 31. gxf3 Bd4 32. Kg2 Bg7 33.
h4 Qd4 34. hxg5 Qxe4 35. Rxe4 hxg5 36. Ra4 Ra8 37. Ra5 Bd4 38. Rxg5+ Kh7 39.
Rd5 Bb6 40. Rd7 Kg6 41. Rd6+ f6 42. Be5 Rf8 43. Bc3 Rf7 44. a4 Kf5 45. Rc6 Rc7
46. Rxf6+ Kg5 47. f4+ Kh5 48. Bd2 Rc2 49. Rd6 Bc7 50. Rd7 Bb8 51. f5 Be5 52.
Kf3 1-0

[Event "Wch Juvenil 2013 sub-16"]
[Site "Al-Ain UAE"]
[Date "2013.12.20"]
[Round "3.28"]
[White "Wu, Christopher"]
[Black "Taalaibekov, Tagir"]
[Result "1-0"]
[WhiteElo "2198"]
[BlackElo "1927"]
[PlyCount "43"]
[EventDate "2013.12.19"]
[EventType "swiss"]
[EventRounds "11"]
[EventCountry "UAE"]
[Source "lmi"]
[SourceDate "2013.12.19"]

1. e4 e6 2. d4 d5 3. Nc3 Nf6 4. e5 Nfd7 5. f4 c5 6. Nf3 Nc6 7. Be3 cxd4 8. Nxd4
Bc5 9. Qd2 Nxd4 10. Bxd4 a6 11. O-O-O b5 12. Ne4 Be7 13. Nf2 Bb7 14. Kb1 Qc7
15. Bd3 O-O-O 16. Qe3 Bc5 17. c3 f5 18. exf6 gxf6 19. Qxe6 Bxd4 20. cxd4 Qxf4
21. Nh3 Qxd4 22. Qd6 1-0

[Event "Wch Juvenil 2013 sub-16"]
[Site "Al-Ain UAE"]
[Date "2013.12.20"]
[Round "3.34"]
[White "Bezuidenhout, Roland"]
[Black "Dale, Ari"]
[Result "1/2-1/2"]
[WhiteElo "2037"]
[BlackElo "2289"]
[PlyCount "114"]
[EventDate "2013.12.19"]
[EventType "swiss"]
[EventRounds "11"]
[EventCountry "UAE"]
[Source "lmi"]
[SourceDate "2013.12.19"]

1. e4 c5 2. Nf3 e6 3. g3 d5 4. exd5 exd5 5. d4 Nc6 6. Bg2 Bg4 7. c3 cxd4 8. O-O
Be7 9. Qb3 Qd7 10. Nxd4 Rd8 11. Re1 h5 12. Bf4 h4 13. Nb5 Kf8 14. N1a3 hxg3 15.
Bxg3 Nh6 16. Nc7 Nf5 17. Nxd5 Nxg3 18. fxg3 Bc5+ 19. Ne3 Re8 20. Nac2 Re5 21.
Qc4 Ne7 22. Nd4 b5 23. Qd3 Bh3 24. Nf1 Reh5 25. Qe4 Bxd4+ 26. cxd4 Bxg2 27.
Kxg2 g6 28. Rac1 Nd5 29. Kg1 Nf6 30. Qf4 Rf5 31. Qd2 Ng4 32. Qc3 Kg7 33. d5+
Kh7 34. Qd4 Rxd5 35. Qf4 Rd6 36. Ne3 Nf6 37. Rcd1 Rxd1 38. Rxd1 Qe7 39. Rf1 Rd8
40. Qh4+ Kg8 41. Qxf6 Qxe3+ 42. Qf2 Qe7 43. b3 Rd6 44. Re1 Qd7 45. Qe2 Rd2 46.
Qe8+ Qxe8 47. Rxe8+ Kg7 48. Re5 Rxa2 49. Rxb5 a6 50. Rb6 f5 51. b4 Kh6 52. b5
a5 53. Ra6 Kh5 54. h3 g5 55. Rf6 Rb2 56. Rxf5 a4 57. b6 Rxb6 1/2-1/2

[Event "Wch Juvenil 2013 sub-16"]
[Site "Al-Ain UAE"]
[Date "2013.12.20"]
[Round "3.62"]
[White "Micottis, Dorian"]
[Black "Yang, Ching Wei"]
[Result "1/2-1/2"]
[WhiteElo "2097"]
[BlackElo "1824"]
[PlyCount "89"]
[EventDate "2013.12.19"]
[EventType "swiss"]
[EventRounds "11"]
[EventCountry "UAE"]
[Source "lmi"]
[SourceDate "2013.12.19"]

1. e4 e6 2. d4 d5 3. Nc3 Bb4 4. Qg4 Nf6 5. Qxg7 Rg8 6. Qh6 Rg6 7. Qe3 Nxe4 8.
Nge2 c5 9. a3 cxd4 10. Qxd4 Bc5 11. Qh8+ Ke7 12. Qxd8+ Kxd8 13. Nxe4 dxe4 14.
Nc3 f5 15. Be3 Bxe3 16. fxe3 Bd7 17. O-O-O Ke7 18. g3 Bc6 19. Ne2 Nd7 20. Nd4
Ne5 21. Be2 Rd8 22. b3 b6 23. Rhf1 Bb7 24. Kb2 Rh6 25. Rxf5 Rxd4 26. Rxe5 Rxd1
27. Bxd1 Rxh2 28. Rh5 Rxh5 29. Bxh5 e5 30. Bg4 h6 31. c4 Kd6 32. Bf5 a5 33. b4
Bc6 34. Bg6 Bb7 35. Bh7 Bc6 36. Bg6 Bb7 37. Bf7 Bc6 38. Bg8 a4 39. Kc3 Bd7 40.
Bh7 Bc6 41. b5 Bd7 42. Kb4 Bg4 43. Kxa4 Kc5 44. Kb3 Be6 45. a4 1/2-1/2

[Event "Wch Juvenil 2013 sub-16"]
[Site "Al-Ain UAE"]
[Date "2013.12.21"]
[Round "4.11"]
[White "Gireman, Ja"]
[Black "Akhmetov, Ayan"]
[Result "1-0"]
[WhiteElo "2248"]
[BlackElo "2382"]
[PlyCount "125"]
[EventDate "2013.12.19"]
[EventType "swiss"]
[EventRounds "11"]
[EventCountry "UAE"]
[Source "lmi"]
[SourceDate "2013.12.19"]

1. e4 d6 2. d4 Nf6 3. Nc3 e5 4. dxe5 dxe5 5. Qxd8+ Kxd8 6. Nf3 Bd6 7. Bg5 Be6
8. O-O-O Nbd7 9. h3 Kc8 10. Be3 h6 11. Bd3 a6 12. g4 g5 13. a4 Bb4 14. Nd2 Nc5
15. f3 Rd8 16. Ndb1 Nfd7 17. Be2 c6 18. b3 f6 19. Kb2 b5 20. axb5 axb5 21. h4
Nb7 22. hxg5 hxg5 23. Rh7 Bf8 24. Bf1 Bg8 25. Rh2 Bc5 26. Bxc5 Ndxc5 27. Rxd8+
Kxd8 28. Ne2 Ne6 29. Nbc3 Ke7 30. Nd1 Nd6 31. Ne3 Nd4 32. Rf2 Be6 33. Ng3 Rh8
34. Bg2 c5 35. Rf1 c4 36. b4 c3+ 37. Kxc3 Nc4 38. Nxc4 bxc4 39. Rh1 Nb5+ 40.
Kb2 c3+ 41. Kb1 Ra8 42. Nf5+ Bxf5 43. exf5 Na3+ 44. Ka2 Nxc2+ 45. Kb3 Ne3 46.
Bf1 e4 47. Bb5 c2 48. fxe4 Kd6 49. Rc1 Ke5 50. Bd3 Nxg4 51. Rxc2 Ne3 52. Rc6 g4
53. Re6+ Kf4 54. Rxf6 g3 55. Rg6 Kf3 56. f6 g2 57. e5 Kf4 58. e6 Ng4 59. Be2
Nxf6 60. Rxg2 Ke5 61. Bc4 Ne4 62. Re2 Kd4 63. Rxe4+ 1-0

[Event "Wch Juvenil 2013 sub-16"]
[Site "Al-Ain UAE"]
[Date "2013.12.21"]
[Round "4.29"]
[White "Nazarov, Rustem"]
[Black "Liu, Andrew"]
[Result "1-0"]
[WhiteElo "2136"]
[BlackElo "2236"]
[PlyCount "73"]
[EventDate "2013.12.19"]
[EventType "swiss"]
[EventRounds "11"]
[EventCountry "UAE"]
[Source "lmi"]
[SourceDate "2013.12.19"]

1. e4 c5 2. Nf3 Nc6 3. d4 cxd4 4. Nxd4 e5 5. Nb5 d6 6. N1c3 a6 7. Na3 Be7 8.
Nd5 Be6 9. c4 Nf6 10. Nxf6+ Bxf6 11. Be2 Bg5 12. O-O O-O 13. Nc2 Bxc1 14. Rxc1
Rc8 15. Qd2 Qe7 16. Rfd1 Rfd8 17. b4 Qh4 18. f3 Rc7 19. Qe3 Rcd7 20. a3 g6 21.
b5 axb5 22. cxb5 Ne7 23. Nb4 f5 24. b6 f4 25. Qc3 Nc8 26. Bc4 Bf7 27. Bxf7+
Rxf7 28. Nd5 g5 29. Qb3 Kg7 30. Rc7 Rdf8 31. Rdc1 h5 32. Qc3 g4 33. Rxc8 Rxc8
34. Qxc8 gxf3 35. Qh3 f2+ 36. Kf1 Qg5 37. Rc7 1-0

[Event "Wch Juvenil 2013 sub-16"]
[Site "Al-Ain UAE"]
[Date "2013.12.21"]
[Round "4.36"]
[White "Dale, Ari"]
[Black "Horton, Andrew P"]
[Result "1/2-1/2"]
[WhiteElo "2289"]
[BlackElo "2086"]
[PlyCount "104"]
[EventDate "2013.12.19"]
[EventType "swiss"]
[EventRounds "11"]
[EventCountry "UAE"]
[Source "lmi"]
[SourceDate "2013.12.19"]

1. d4 Nf6 2. c4 e6 3. Nc3 Bb4 4. e3 b6 5. Nge2 Ba6 6. a3 Bxc3+ 7. Nxc3 d5 8.
Qa4+ Qd7 9. Qxd7+ Nbxd7 10. Nb5 Bxb5 11. cxb5 Nb8 12. f3 a6 13. bxa6 c6 14. b4
b5 15. a4 Rxa6 16. a5 Ra8 17. Bd3 Na6 18. Bd2 Kd7 19. e4 Ne8 20. e5 h6 21. h4
h5 22. O-O-O g6 23. Kb2 Ng7 24. g4 Rh7 25. Kb3 Rah8 26. Bg5 Rg8 27. Rc1 Ra8 28.
Rc2 Nc7 29. Rg2 Rc8 30. Be2 Ra8 31. Rgh2 Nce8 32. Kc3 Ra6 33. Bd3 Ra8 34. Rc1
Ra6 35. Rhc2 Nc7 36. Kb3 Nge8 37. Be2 Ng7 38. Rc5 Nge8 39. R5c3 Ng7 40. R3c2
Nge8 41. gxh5 Rxh5 42. f4 Rh7 43. h5 Ng7 44. hxg6 fxg6 45. Bd3 Nf5 46. Kc3 Ra8
47. Bf6 Rh3 48. Rg2 Na6 49. Rxg6 Nxb4 50. Kxb4 Rxd3 51. Rh1 c5+ 52. Kxc5 Rc8+
1/2-1/2

[Event "Wch Juvenil 2013 sub-16"]
[Site "Al-Ain UAE"]
[Date "2013.12.21"]
[Round "4.50"]
[White "Taalaibekov, Tagir"]
[Black "Kumsiashvili, Nikoloz"]
[Result "0-1"]
[WhiteElo "1927"]
[BlackElo "2126"]
[PlyCount "66"]
[EventDate "2013.12.19"]
[EventType "swiss"]
[EventRounds "11"]
[EventCountry "UAE"]
[Source "lmi"]
[SourceDate "2013.12.19"]

1. d4 Nf6 2. c4 e6 3. g3 Bb4+ 4. Bd2 Bxd2+ 5. Qxd2 d5 6. Bg2 Nbd7 7. Nf3 c6 8.
O-O b6 9. Rd1 O-O 10. Nc3 dxc4 11. e4 Bb7 12. e5 Nd5 13. Ne4 b5 14. Nd6 Qc7 15.
Ng5 h6 16. Nge4 f5 17. Nc5 Nxc5 18. dxc5 Qe7 19. a3 a5 20. Qd4 a4 21. Rd2 Rad8
22. Re1 Ba8 23. Bxd5 cxd5 24. Nxb5 Rc8 25. Nd6 Rc6 26. Re3 Qa7 27. g4 f4 28.
Rh3 Qxc5 29. Qc3 Rb6 30. Qc2 d4 31. Ne4 Qd5 32. f3 Rc6 33. Rxh6 d3 0-1

[Event "Wch Juvenil 2013 sub-16"]
[Site "Al-Ain UAE"]
[Date "2013.12.21"]
[Round "4.56"]
[White "Rimawy, Hosam"]
[Black "Liu, Zhaoqi"]
[Result "0-1"]
[WhiteElo "1781"]
[BlackElo "2061"]
[PlyCount "146"]
[EventDate "2013.12.19"]
[EventType "swiss"]
[EventRounds "11"]
[EventCountry "UAE"]
[Source "lmi"]
[SourceDate "2013.12.19"]

1. e4 e6 2. d4 d5 3. Nc3 Bb4 4. Nge2 dxe4 5. a3 Be7 6. Nxe4 Nf6 7. N2c3 O-O 8.
Be3 Nc6 9. Qd2 a6 10. Rd1 Nd5 11. Bd3 f5 12. Nxd5 Qxd5 13. c4 Qd8 14. Nc3 Nxd4
15. Nd5 exd5 16. Bxd4 c5 17. Be5 Bf6 18. Bxf6 Rxf6 19. cxd5 Qxd5 20. O-O Be6
21. Qc3 Qc6 22. Rfe1 Kh8 23. Rc1 Rc8 24. Re5 Bd5 25. Rxf5 Rxf5 26. Bxf5 Rd8 27.
Bh3 c4 28. Qd4 h6 29. Rd1 Re8 30. f3 Be6 31. Bxe6 Qxe6 32. Qd2 b5 33. Kf2 Qb6+
34. Qd4 Qe6 35. Qd2 a5 36. Re1 Qb6+ 37. Kf1 Rd8 38. Qe3 Qd6 39. Qe5 Qd3+ 40.
Qe2 Qg6 41. Qe4 Qd6 42. Qe5 Qd3+ 43. Qe2 Kg8 44. Kf2 Qd4+ 45. Kf1 Qd3 46. Kf2
Qxe2+ 47. Rxe2 Kf7 48. Re5 Rd2+ 49. Re2 Rd5 50. Ke3 Re5+ 51. Kd2 Rxe2+ 52. Kxe2
Ke6 53. Ke3 Kd5 54. h4 g6 55. g4 h5 56. gxh5 gxh5 57. f4 a4 58. Kd2 Ke4 59. Kc3
Kxf4 60. Kb4 Kg4 61. Kxb5 Kxh4 62. Kxa4 Kg5 63. Kb5 h4 64. Kxc4 h3 65. b4 h2
66. a4 h1=Q 67. Kb5 Qh7 68. Ka5 Kf5 69. b5 Ke5 70. b6 Kd5 71. Kb5 Qb1+ 72. Ka5
Kc6 73. b7 Qb6# 0-1

[Event "Wch Juvenil 2013 sub-16"]
[Site "Al-Ain UAE"]
[Date "2013.12.21"]
[Round "4.64"]
[White "Casanovas Cantarero, Eric"]
[Black "Valkama, Eero"]
[Result "0-1"]
[WhiteElo "1705"]
[BlackElo "1960"]
[PlyCount "42"]
[EventDate "2013.12.19"]
[EventType "swiss"]
[EventRounds "11"]
[EventCountry "UAE"]
[Source "lmi"]
[SourceDate "2013.12.19"]

1. e4 e5 2. Nc3 Nc6 3. f4 Bc5 4. Nf3 d6 5. Bb5 Nge7 6. d3 a6 7. Ba4 O-O 8. Bd2
exf4 9. Bxf4 b5 10. Bb3 Na5 11. d4 Bb6 12. O-O Nxb3 13. axb3 Bb7 14. Qd3 b4 15.
Ne2 Ng6 16. Bg3 Re8 17. e5 dxe5 18. Nd2 exd4 19. Bf2 Qd5 20. Nf3 Ne5 21. Bxd4
Nxd3 0-1

[Event "Wch Juvenil 2013 sub-16"]
[Site "Al-Ain UAE"]
[Date "2013.12.21"]
[Round "5.6"]
[White "Lamard, Guillaume"]
[Black "Bluebaum, Matthias"]
[Result "1/2-1/2"]
[WhiteElo "2288"]
[BlackElo "2529"]
[PlyCount "201"]
[EventDate "2013.12.19"]
[EventType "swiss"]
[EventRounds "11"]
[EventCountry "UAE"]
[Source "lmi"]
[SourceDate "2013.12.19"]

1. c4 c6 2. d4 d5 3. cxd5 cxd5 4. Bf4 Nc6 5. e3 Nf6 6. Nc3 Bg4 7. Qb3 Na5 8.
Qa4+ Bd7 9. Qc2 e6 10. Bd3 Bb4 11. Nge2 Rc8 12. O-O O-O 13. f3 Qb6 14. e4 Bb5
15. Bxb5 Qxb5 16. a3 Bxc3 17. bxc3 Qc6 18. e5 Nd7 19. Rfb1 Rc7 20. a4 Nb6 21.
Rb4 Rfc8 22. Qc1 Qd7 23. Bg5 Nbc4 24. Nf4 Qe8 25. g4 Qf8 26. Nh5 Nb6 27. Rab1
Rxc3 28. Qe1 Nd7 29. Rxb7 Nxb7 30. Rxb7 Qa3 31. Rxd7 h6 32. Bd2 Rc1 33. Rd8+
Kh7 34. Rxc8 Rxe1+ 35. Bxe1 Qxf3 36. Bf2 Qxg4+ 37. Ng3 h5 38. Rc7 h4 39. Rxa7
hxg3 40. hxg3 Kg6 41. a5 Qd1+ 42. Kg2 Qa4 43. Ra8 f6 44. Ra6 Kf5 45. exf6 gxf6
46. g4+ Kxg4 47. Rxe6 Kf5 48. Re3 Qxa5 49. Rf3+ Ke6 50. Rf4 Qd2 51. Kf3 Qd1+
52. Ke3 f5 53. Bh4 Qc2 54. Kf3 Kf7 55. Ke3 Kg6 56. Kf3 Kh5 57. Bd8 Qb3+ 58. Kf2
Qb8 59. Rh4+ Kg6 60. Be7 Qb7 61. Bd6 Qb2+ 62. Kf3 Qc3+ 63. Kf2 Qd2+ 64. Kf3 Qe1
65. Rf4 Kg5 66. Be5 Qd2 67. Bd6 Kf6 68. Be5+ Ke6 69. Rh4 Qd3+ 70. Kf2 Kd7 71.
Rf4 Qh3 72. Rf3 Qh4+ 73. Ke2 Qg4 74. Kf2 Ke6 75. Rf4 Qd1 76. Rh4 Qd2+ 77. Kf3
Qg5 78. Rf4 Kf7 79. Kf2 Kg6 80. Rf3 Qd2+ 81. Kg3 Qe1+ 82. Kg2 Qe4 83. Kg3 Kh5
84. Kf2 Kg4 85. Rg3+ Kh4 86. Rf3 Qc2+ 87. Ke3 Kg5 88. Rg3+ Kh5 89. Kf3 Qd2 90.
Rh3+ Kg6 91. Rg3+ Kf7 92. Rg7+ Kf8 93. Rg3 Qe1 94. Bd6+ Kf7 95. Be5 Qe4+ 96.
Kf2 f4 97. Rf3 Qc2+ 98. Kf1 Qd1+ 99. Kf2 Qd2+ 100. Kf1 Qd1+ 101. Kf2 1/2-1/2

[Event "Wch Juvenil 2013 sub-16"]
[Site "Al-Ain UAE"]
[Date "2013.12.21"]
[Round "5.45"]
[White "Sibashvili, Giorgi"]
[Black "Kalra, Agastya"]
[Result "1-0"]
[WhiteElo "2173"]
[BlackElo "1956"]
[PlyCount "107"]
[EventDate "2013.12.19"]
[EventType "swiss"]
[EventRounds "11"]
[EventCountry "UAE"]
[Source "lmi"]
[SourceDate "2013.12.19"]

1. Nf3 Nf6 2. g3 d5 3. c4 c5 4. Bg2 Nc6 5. O-O e5 6. cxd5 Nxd5 7. Nc3 Nc7 8. d3
Be7 9. Nd2 O-O 10. Nc4 Bd7 11. Bxc6 Bxc6 12. Nxe5 Be8 13. Be3 Nd5 14. Qb3 Nxe3
15. fxe3 Bd6 16. Nc4 Bc6 17. Nxd6 Qxd6 18. Rf2 Rae8 19. e4 Qd4 20. Raf1 a6 21.
Nd1 Re6 22. Qc3 Qxc3 23. bxc3 c4 24. Nb2 b5 25. Rf5 g6 26. Rf6 Bd7 27. a3 Kg7
28. Rxe6 Bxe6 29. Kf2 cxd3 30. exd3 Rc8 31. Rc1 Kf6 32. Ke3 g5 33. d4 h5 34. d5
Bh3 35. Kd4 Ke7 36. a4 h4 37. axb5 axb5 38. Ra1 hxg3 39. hxg3 f6 40. Rh1 g4 41.
Ra1 Bg2 42. Ra7+ Kf8 43. Rh7 Re8 44. Rh8+ Kf7 45. Rxe8 Kxe8 46. Nd3 Ke7 47. Nf2
Bf3 48. Kc5 Be2 49. Kc6 Kd8 50. d6 Kc8 51. d7+ Kd8 52. Kd6 Bf3 53. Nd3 Bxe4 54.
Nc5 1-0